De la responsabilidad civil de los maestros a la responsabilidad civil del titular del centro docente

Detalles Bibliográficos
Autor principal: San Juliǹ Puig, Vern̤ica
Formato: Desconocido
Lenguaje:español
Publicado: Barcelona: Bosch, 2000
Materias:
Acceso en línea:Acceso restringido

MARC

LEADER 00000ny a22000003n 4500
005 20110609115745.0
008 080508t1999 sp s 000 0 spa c
020 |a 8476986149 
035 |a 1170 
040 |a UMA.RE  |d vLex 
080 |a 347.12(460):347.56(0.034) 
090 |c 601  |d 601 
100 1 |a San Juliǹ Puig, Vern̤ica 
245 1 0 |a De la responsabilidad civil de los maestros a la responsabilidad civil del titular del centro docente  |h [Recurso electrn̤ico]  |c Vern̤ica San Juliǹ Puig 
256 |a Servicio en ln̕ea 
260 |a Barcelona:  |b Bosch,  |c 2000 
506 1 |a Contenido solo disponible en los productos indicados  |d vLex Global  |d vLex Global (Academic Edition, excluding Law Schools)  |d vLex Global (U.S. Academic Edition, Law Schools)  |d vLex Global (U.S. Academic Edition, excluding Law Schools)  |d vLex Global (Academic Edition, Law Schools) 
650 0 7 |a Responsabilidad civil  |2 Tesauro vLex 
650 0 7 |a Civil  |2 Tesauro vLex 
650 0 7 |a Responsabilidad de titulares de centros docentes  |2 Tesauro vLex 
740 0 |a vLex Libros (Servicios en ln̕ea) 
856 4 0 |u http://vlex.com/source/1170  |z Acceso restringido 
942 |c BOOK 
999 0 |a Civil Law  |b Barcelona